Linear algebra

Uloženo v:
Podrobná bibliografie
Hlavní autor: Greub, Werner Hildbert (Autor)
Médium: Kniha
Jazyk:angličtina
Vydáno: Nueva York Springer Verlag 1975
Vydání:4a. ed
Edice:Graduate Texts in Mathematics, 23
Témata:
Tagy: Přidat tag
Žádné tagy, Buďte první, kdo vytvoří štítek k tomuto záznamu!

MARC

LEADER 00000cam a2200000 a 4500
001 UCQ9125
003 CL-VaPUC
008 981230e19750000US |||||||||||||||||eng|d
082 0 4 |a 512.5  |b GRE  |2 21 
100 |a Greub, Werner Hildbert  |e author  |9 564098 
245 1 0 |a Linear algebra 
250 |a 4a. ed 
300 |a 451 p 
942 |c BK 
945 |d 19981230 00:00:00  |a crobeson 
260 |a Nueva York  |b Springer Verlag  |c 1975 
650 0 |a Álgebra lineal   |9 260445 
650 0 |a Álgebra vectorial   |9 269971 
650 0 |a Espacios vectoriales   |9 21 
650 0 |a Matrices   |9 22 
650 7 |a DETERMINANTES  |2 CL-VaPUC  |9 423535 
650 0 |a Polinomios  |9 270626 
583 |a last modification  |c 20170329 09:02:25  |k Rodrigo Vera 
490 0 |a Graduate Texts in Mathematics, 23 
999 |c 278219  |d 278217 
952 |0 0  |1 0  |4 0  |6 512_500000000000000_GRE_1975  |7 0  |8 A  |9 316658  |a BIBMAT  |b BIBMAT  |d 2019-11-20  |i 3357171  |o 512.5 GRE 1975  |p 3357171  |r 2025-01-07  |w 2019-11-20  |y BK  |k MAT 
952 |0 0  |1 0  |3 erd  |4 0  |6 512_500000000000000_GRE_1975  |7 0  |8 A  |9 316659  |a BIBMAT  |b BIBMAT  |i 5386756  |o 512.5 GRE 1975  |p 5386756  |r 2025-01-07  |w 2019-11-20  |y BK  |z Catalogado en:20170414  |k MAT